<?xml version="1.0" encoding="UTF-8"?>
<record
    xmlns:xsi="http://www.w3.org/2001/XMLSchema-instance"
    xsi:schemaLocation="http://www.loc.gov/MARC21/slim http://www.loc.gov/standards/marcxml/schema/MARC21slim.xsd"
    xmlns="http://www.loc.gov/MARC21/slim">

  <leader>03750nam a2200565Ia 4500</leader>
  <controlfield tag="001">2129</controlfield>
  <controlfield tag="008">241029s9999    xx            000 0 und d</controlfield>
  <datafield tag="010" ind1=" " ind2=" ">
    <subfield code="a">1992</subfield>
  </datafield>
  <datafield tag="041" ind1=" " ind2=" ">
    <subfield code="a">Espa&#xF1;ol</subfield>
  </datafield>
  <datafield tag="082" ind1=" " ind2=" ">
    <subfield code="a">MA LAEE 0004 2005</subfield>
  </datafield>
  <datafield tag="245" ind1=" " ind2="0">
    <subfield code="a">Manejo del Genero Femenino en la Publicidad de las Revistas OH! Magazine del List&#xED;n Diario y En Sociedad del Peri&#xF3;dico Hoy, en el Periodo Enero-Junio 2003</subfield>
  </datafield>
  <datafield tag="260" ind1=" " ind2=" ">
    <subfield code="a">Duarte</subfield>
  </datafield>
  <datafield tag="300" ind1=" " ind2=" ">
    <subfield code="a">127</subfield>
  </datafield>
  <datafield tag="520" ind1=" " ind2=" ">
    <subfield code="a">29</subfield>
  </datafield>
  <datafield tag="630" ind1=" " ind2=" ">
    <subfield code="a">Contexto Social</subfield>
  </datafield>
  <datafield tag="630" ind1=" " ind2=" ">
    <subfield code="a">G&#xE9;nero</subfield>
  </datafield>
  <datafield tag="630" ind1=" " ind2=" ">
    <subfield code="a">Medios de Comunicaci&#xF3;n</subfield>
  </datafield>
  <datafield tag="630" ind1=" " ind2=" ">
    <subfield code="a">Publicidad</subfield>
  </datafield>
  <datafield tag="650" ind1=" " ind2=" ">
    <subfield code="a">Ejes Transversales (Contexto Social y Natural)</subfield>
  </datafield>
  <datafield tag="690" ind1=" " ind2=" ">
    <subfield code="a">Elaborado</subfield>
  </datafield>
  <datafield tag="700" ind1=" " ind2=" ">
    <subfield code="e">asesor</subfield>
    <subfield code="a">Cuevas, Julio </subfield>
  </datafield>
  <datafield tag="700" ind1=" " ind2=" ">
    <subfield code="e">autor</subfield>
    <subfield code="a">Ventura Fr&#xED;as, Sonia Altagracia </subfield>
  </datafield>
  <datafield tag="700" ind1=" " ind2=" ">
    <subfield code="e">autor</subfield>
    <subfield code="a">S&#xE1;nchez Garc&#xED;a, Juana Francisca</subfield>
  </datafield>
  <datafield tag="901" ind1=" " ind2=" ">
    <subfield code="a">{"1":"Ventura Fr&#xED;as","2":"S&#xE1;nchez Garc&#xED;a"}</subfield>
    <subfield code="b">{"1":"Sonia Altagracia ","2":"Juana Francisca"}</subfield>
  </datafield>
  <datafield tag="902" ind1=" " ind2=" ">
    <subfield code="a">1</subfield>
  </datafield>
  <datafield tag="903" ind1=" " ind2=" ">
    <subfield code="a">{"1":"Cuevas"}</subfield>
    <subfield code="b">{"1":"Julio "}</subfield>
  </datafield>
  <datafield tag="904" ind1=" " ind2=" ">
    <subfield code="a">Maestr&#xED;a en</subfield>
  </datafield>
  <datafield tag="905" ind1=" " ind2=" ">
    <subfield code="a">Ling&#xFC;&#xED;stica Aplicada</subfield>
  </datafield>
  <datafield tag="906" ind1=" " ind2=" ">
    <subfield code="a">1</subfield>
  </datafield>
  <datafield tag="907" ind1=" " ind2=" ">
    <subfield code="a">con Aplicaci&#xF3;n a</subfield>
  </datafield>
  <datafield tag="908" ind1=" " ind2=" ">
    <subfield code="a">Ense&#xF1;anza de la Lengua Espa&#xF1;ola</subfield>
  </datafield>
  <datafield tag="909" ind1=" " ind2=" ">
    <subfield code="a">Universidad Aut&#xF3;noma de Santo Domingo (UASD)</subfield>
  </datafield>
  <datafield tag="910" ind1=" " ind2=" ">
    <subfield code="a">NULL</subfield>
    <subfield code="b">NULL</subfield>
  </datafield>
  <datafield tag="911" ind1=" " ind2=" ">
    <subfield code="a">["1"]</subfield>
  </datafield>
  <datafield tag="912" ind1=" " ind2=" ">
    <subfield code="a">NO APLICA</subfield>
  </datafield>
  <datafield tag="913" ind1=" " ind2=" ">
    <subfield code="a">NULL</subfield>
  </datafield>
  <datafield tag="914" ind1=" " ind2=" ">
    <subfield code="a">01 de Febrero de 2005</subfield>
  </datafield>
  <datafield tag="915" ind1=" " ind2=" ">
    <subfield code="a">NULL</subfield>
  </datafield>
  <datafield tag="916" ind1=" " ind2=" ">
    <subfield code="a">NULL</subfield>
  </datafield>
  <datafield tag="917" ind1=" " ind2=" ">
    <subfield code="a">NULL</subfield>
  </datafield>
  <datafield tag="918" ind1=" " ind2=" ">
    <subfield code="a">NO APLICA</subfield>
  </datafield>
  <datafield tag="919" ind1=" " ind2=" ">
    <subfield code="a">["300","308","309","310"]</subfield>
  </datafield>
  <datafield tag="520" ind1=" " ind2=" ">
    <subfield code="a">La investigaci&#xF3;n plante&#xF3; como objetivos generales, determinar hasta qu&#xE9; punto la publicidad proyecta la imagen de la mujer como objeto de persuasi&#xF3;n sexual, para determinar un determinado producto, y analizar cu&#xE1;l es la forma en que los medios de comunicaci&#xF3;n promueven la imagen de la mujer en los anuncios que difunden. Para la realizaci&#xF3;n de este estudio se utiliz&#xF3; un dise&#xF1;o de investigaci&#xF3;n no experimental, descriptiva, traseccional y cualitativa. Las t&#xE9;cnicas utilizadas fueron: la observaci&#xF3;n, sondeo exploratorio, an&#xE1;lisis bibliogr&#xE1;fico y documental. El universo estuvo conformado por 12 ejemplares de la revista OH! Magazine del List&#xED;n Diario y En Sociedad del Peri&#xF3;dico Hoy con 872 anuncios de los cuales, 314 pertenecen a publicidad con im&#xE1;genes femeninas y, de ellas se tom&#xF3; una muestra aleatoria simple.Entre las principales conclusiones est&#xE1;n: Las demostraciones visuales tienen una extraordinaria efectividad persuasiva, la cual se observa a trav&#xE9;s de los diferentes anuncios que muestran la imagen de la mujer usada como objeto de atracci&#xF3;n para vender un producto. La presencia de la mujer en los medios publicitarios demuestra la manipulaci&#xF3;n que muchas veces se ejerce sobre ella, ya que la publicidad utiliza valores sociales como amor, amistad o maternidad para aumentar sus ventas. La mayor&#xED;a de estos anuncios est&#xE1;n acompa&#xF1;ados con frases de doble sentido como ?Lo quiero as&#xED;?, ?Mi decisi&#xF3;n?, ?Anoche fue tuya, Hoy es de ella? entre otras. La publicidad hace un uso distorsionado de la imagen de la mujer y de lo que de ella se ha proyectado hist&#xF3;ricamente.Se recomienda que los publicistas y due&#xF1;os de agencias modifiquen sus estrategias de proyecci&#xF3;n de la imagen de la mujer, que se le d&#xE9; un trato m&#xE1;s humano y menos comercial. Que se cree un c&#xF3;digo &#xE9;tico y moral por el cual deban regirse los anuncios publicitarios para que no haya contenidos morbosos, sexuales y er&#xF3;ticos, y sus frases est&#xE9;n acordes con el producto promocionado. Que la mujer se concientice en torno a valorar m&#xE1;s su cuerpo y no trate de promocionarlo junto con el producto que se vende al consumidor.</subfield>
  </datafield>
  <datafield tag="921" ind1=" " ind2=" ">
    <subfield code="a">16</subfield>
  </datafield>
  <datafield tag="922" ind1=" " ind2=" ">
    <subfield code="a">16</subfield>
  </datafield>
  <datafield tag="923" ind1=" " ind2=" ">
    <subfield code="a">0</subfield>
  </datafield>
  <datafield tag="924" ind1=" " ind2=" ">
    <subfield code="a">NO APLICA</subfield>
  </datafield>
  <datafield tag="942" ind1=" " ind2=" ">
    <subfield code="c">Tesis</subfield>
  </datafield>
  <datafield tag="999" ind1=" " ind2=" ">
    <subfield code="c">1992</subfield>
    <subfield code="d">1992</subfield>
  </datafield>
</record>
